000 00616nam a2200241#a 4500
001 01068
003 HDC
007 ta
008 230623s2008 xx 000 0 eng d
020 _a9789833083787 (pbk.).
040 _aHDC
050 _aTX 553
_b. I76 2008
245 0 _aIs MSG safe?
264 _aPulau Pinang :
_bPersatuan Pengguna Pulau Pinang,
_c[2008?]
300 _a68p. :
_b ill. ;
_c 11cm.
500 _aAlso published in bahasa Malaysia and Chinese
650 _aFood additives
650 _aMonosodium glutamate
942 _2lcc
942 _cBK
942 _kTX 553
942 _m. I76 2008
999 _c22657
_d22657